000 00587nam a22002055i 4500
001 53171
003 ES-MaACL
005 20250704062525.0
007 t|
008 950912s1860 fr ||||1| fre d
040 _aCAM
_bspa
_cCAM
100 1 _aDumas, Alexandre,
_d1802-1870
_eaut
_9241135
245 1 3 _aLa reine Margot /
_cpar Alexandre Dumas.
260 _aParis :
_bMichel Lévy,
_c1860 (
_ftypographie de A. Varigault et Cie.)
300 _a1 v. ;
_c17 cm.
500 _aDos tomos en un vol.
852 _aES-MaACL
_jD-3149
942 _2udc
999 _c53171
_d53171